La Dialética del socialismo y el progreso mundial /

Kaydedildi:
Detaylı Bibliyografya
Yazar: Krosin, Yuri
Materyal Türü: Metin
Etiketler: Etiketle
Etiket eklenmemiş, İlk siz ekleyin!

MARC

LEADER 00000 a a2200000 04500
001 3183
003
040
100 |a Krosin, Yuri  
245 |a La Dialética del socialismo y el progreso mundial /  |c Yuri Krosin 
773 |g número 3; páginas 87-101  
999 |c 25027  |d 25027